| 000 | 01830cam a2200313 a 4500 | ||
|---|---|---|---|
| 999 |
_c129692 _d129692 |
||
| 001 | 13448889 | ||
| 003 | ARRUPE | ||
| 005 | 20190814112827.0 | ||
| 008 | 040105s2004 ncua b 001 0beng | ||
| 010 | _a 2003028285 | ||
| 020 | _a0786416866 (pbk. : alk. paper) | ||
| 040 |
_aDLC _cDLC _dDLC |
||
| 043 | _af-rh--- | ||
| 050 | 0 | 0 |
_aDT3000.M28 _bN67 2004 |
| 082 | 0 | 0 |
_a968.9105/1/092 _aB _222 |
| 100 | 1 |
_aNorman, Andrew, _d1943- _947778 |
|
| 245 | 1 | 0 |
_aRobert Mugabe and the betrayal of Zimbabwe / _cby Andrew Norman. |
| 260 |
_aJefferson, N.C. : _bMcFarland Publishers, _cc2004. |
||
| 300 |
_a189 p. : _bill. ; _c23 cm. |
||
| 504 | _aIncludes bibliographical references (p. 181-182) and index. | ||
| 505 | 0 | _aOrigins of southern Rhodesia -- Mugabe's early life -- Mugabe's formative years -- Imprisonment -- Freedom and exile -- The Lancaster House Conference -- Victory for Mugabe and ZANU-Pf -- The land question -- The movement for democratic change -- Mugabe tightens his grip -- Disaster looms -- The Earth Summit and beyond -- Cricket and coercion -- In perspective : the phenomenon of Mugabe -- Thoughts on leadership and the future -- Recent developments. | |
| 600 | 1 | 0 |
_aMugabe, Robert Gabriel, _d1924- _917726 |
| 650 | 0 |
_aPresidents _zZimbabwe _vBiography. _947779 |
|
| 651 | 0 |
_aZimbabwe _xPolitics and government _y1980- _947780 |
|
| 856 | 4 | 1 |
_3Table of contents _uhttp://www.loc.gov/catdir/toc/ecip0413/2003028285.html |
| 856 | 4 | 2 |
_3Book review (H-Net) _uhttp://www.h-net.org/review/hrev-a0d8c0-aa |
| 906 |
_a7 _bcbc _corignew _d1 _eecip _f20 _gy-gencatlg |
||
| 942 |
_2lcc _cMONOGRAPH |
||